<?xml version="1.0" encoding="UTF-8"?>
<record
    xmlns:xsi="http://www.w3.org/2001/XMLSchema-instance"
    xsi:schemaLocation="http://www.loc.gov/MARC21/slim http://www.loc.gov/standards/marcxml/schema/MARC21slim.xsd"
    xmlns="http://www.loc.gov/MARC21/slim">

  <leader>02023    a2200229   4500</leader>
  <controlfield tag="001">53944</controlfield>
  <controlfield tag="005">20260407155810.0</controlfield>
  <controlfield tag="008">260407a1955    arg                 spa d</controlfield>
  <controlfield tag="003">AR-UNSa-BCEJYS</controlfield>
  <datafield tag="040" ind1=" " ind2=" ">
    <subfield code="a">AR-UNSa-BCEJYS</subfield>
    <subfield code="b">spa</subfield>
    <subfield code="c">AR-UNSa-BCEJYS</subfield>
  </datafield>
  <datafield tag="080" ind1=" " ind2=" ">
    <subfield code="a">330.101</subfield>
    <subfield code="x">Ciencia econ&#xF3;mica en general. La econom&#xED;a y sus problemas. Objeto y m&#xE9;todos de la econom&#xED;a pol&#xED;tica </subfield>
  </datafield>
  <datafield tag="245" ind1="1" ind2="0">
    <subfield code="a">Principios de econom&#xED;a pol&#xED;tica y de tributaci&#xF3;n</subfield>
  </datafield>
  <datafield tag="250" ind1=" " ind2=" ">
    <subfield code="a">2a. ed.</subfield>
  </datafield>
  <datafield tag="264" ind1=" " ind2="1">
    <subfield code="a">Madrid :</subfield>
    <subfield code="b">Aguilar</subfield>
    <subfield code="c">1955</subfield>
  </datafield>
  <datafield tag="300" ind1=" " ind2=" ">
    <subfield code="a">349 p.</subfield>
    <subfield code="c">22 cm.</subfield>
  </datafield>
  <datafield tag="505" ind1=" " ind2=" ">
    <subfield code="a">1. Del valor &#x2013; 2. En la renta &#x2013; 3. La renta de las minas &#x2013; 4. Precio natural y precio del mercado &#x2013; 5. Sobre los salarios &#x2013; 6. De los beneficios &#x2013; 7. Del comercio exterior &#x2013; 8. De los impuestos &#x2013; 9. Impuestos sobre los productos del suelo &#x2013; 10. Impuestos sobre la renta de la tierra &#x2013; 11. Diezmos &#x2013; 12. Impuesto sobre la tierra &#x2013; 13. Impuesto sobre el oro &#x2013; 14. Impuesto sobre edificios &#x2013; 15. Impuestos sobre los beneficios &#x2013; 16. Impuestos sobre los salarios &#x2013; 17. Impuestos sobre mercanc&#xED;as que no son productos del  suelo &#x2013; 18. Impuestos para asistencia de pobres &#x2013; 19. Sobre los cambios repentinos de los cauces del tr&#xE1;fico &#x2013; 20.  Valor y riqueza. Sus caracteres distintos &#x2013; 21. Efectos de la acumulaci&#xF3;n sobre los beneficios &#x2013; 22.  Primas a la exportaci&#xF3;n y prohibiciones de importaci&#xF3;n &#x2013; 23. De las primas a la producci&#xF3;n &#x2013; 24. Doctrina de Adam Smith sobre la renta de la tierra &#x2013; 25. El comercio colonial &#x2013; 26. De la renta bruta y neta &#x2013; 27. Sobre el dinero y los banco &#x2013; 28. Sobre el valor relativo del oro, del trigo, y del trabajo en los pa&#xED;ses pobres &#x2013; 29. Impuestos pagados por el productor &#x2013; 30. Sobre la influencia de la oferta y la demanda de los precios &#x2013; 31. Sobre la maquinaria &#x2013; 32. Opiniones de Malthus sobre la renta de la tierra.</subfield>
  </datafield>
  <datafield tag="041" ind1=" " ind2=" ">
    <subfield code="a">spa</subfield>
  </datafield>
  <datafield tag="942" ind1=" " ind2=" ">
    <subfield code="c">BK</subfield>
  </datafield>
  <datafield tag="590" ind1=" " ind2=" ">
    <subfield code="a">niveau_biblio:m niveau_hierar:0</subfield>
  </datafield>
  <datafield tag="100" ind1="1" ind2=" ">
    <subfield code="a">Ricardo, David</subfield>
  </datafield>
  <datafield tag="700" ind1="1" ind2=" ">
    <subfield code="a">Alvarez, Valent&#xED;n Andr&#xE9;s</subfield>
  </datafield>
  <datafield tag="999" ind1=" " ind2=" ">
    <subfield code="c">5289</subfield>
    <subfield code="d">5289</subfield>
  </datafield>
  <datafield tag="952" ind1=" " ind2=" ">
    <subfield code="0">0</subfield>
    <subfield code="1">0</subfield>
    <subfield code="4">0</subfield>
    <subfield code="7">0</subfield>
    <subfield code="a">BCEJYS</subfield>
    <subfield code="b">BCEJYS</subfield>
    <subfield code="c">16</subfield>
    <subfield code="d">2026-04-07</subfield>
    <subfield code="l">0</subfield>
    <subfield code="o">330.101 R487 2ed.</subfield>
    <subfield code="p">L20308</subfield>
    <subfield code="r">2026-04-07 15:58:10</subfield>
    <subfield code="w">2026-04-07</subfield>
    <subfield code="y">L</subfield>
  </datafield>
  <datafield tag="952" ind1=" " ind2=" ">
    <subfield code="0">0</subfield>
    <subfield code="1">0</subfield>
    <subfield code="4">0</subfield>
    <subfield code="7">0</subfield>
    <subfield code="a">BCEJYS</subfield>
    <subfield code="b">BCEJYS</subfield>
    <subfield code="c">16</subfield>
    <subfield code="d">2026-04-07</subfield>
    <subfield code="l">0</subfield>
    <subfield code="o">330.101 R487 2ed.</subfield>
    <subfield code="p">L20309</subfield>
    <subfield code="r">2026-04-07 15:58:10</subfield>
    <subfield code="w">2026-04-07</subfield>
    <subfield code="y">L</subfield>
  </datafield>
</record>
